Sermones varios predicados en la ciudad de Lima, corte de los reinos del Perú.

Detalles Bibliográficos
Autor principal: AGUILAR, José de
Formato: Libro
Publicado: Bruselas 1704
Materias:
Colección:Banco de datos
Acervo:Biblioteca del Colegio de San Francisco Javier. Tepotzotlán. Estado de México
Tema general:Homilética
Notas:Buena. San Pedro y San Pablo.
LEADER 00745nam a22001930004500
035 |a 56089 
036 |a 3484 
100 1 |a AGUILAR, José de 
245 1 0 |a Sermones varios predicados en la ciudad de Lima, corte de los reinos del Perú. 
260 |a Bruselas  |b ed. Mateo Ibáñez, imp. Francisco Tserstevens  |c 1704 
500 |a Buena. San Pedro y San Pablo. 
650 1 0 |a Homilética 
949 |a M.N.V. 
959 |a Ex colegio de San Francisco Javier, Museo Nacional del Virreinato. Edo. de México  |b CCC6 
960 |a Colegio de San Francisco Javier, Tepotzotlán Estado de México  |b DD89 
961 |a Jesuita  |b OJ 
942 |c M.N.V. 
943 |g Biblioteca del Colegio de San Francisco Javier. Tepotzotlán. Estado de México 
999 |c 954254  |d 954254